[Event "CYCC U08"]
[Site "Montreal CAN"]
[Date "2014.07.18"]
[Round "7"]
[White "Noorali, Aahil"]
[Black "Sydykhanov, Arman"]
[Result "1/2-1/2"]
[WhiteElo "1643"]
[BlackElo "1256"]
[PlyCount "45"]
[EventDate "2014.07.15"]
[EventType "swiss"]
[EventRounds "7"]
[EventCountry "CAN"]

1. e4 c5 2. Nf3 Nc6 3. c3 Nf6 4. d3 d6 5. Be2 g6 6. O-O Bg7 7. Re1 O-O 8. Nbd2
e5 9. Nf1 Re8 10. Ng3 Bg4 11. h3 Bxf3 12. Bxf3 Rb8 13. Bd2 b5 14. Qc2 a6 15.
Be3 Rc8 16. Qd2 Nd7 17. h4 Bf6 18. h5 Nf8 19. Bg4 Ne6 20. hxg6 fxg6 21. Qe2 Rc7
22. Bxe6+ Rxe6 23. Qg4 1/2-1/2

[Event "CYCC U08"]
[Site "Montreal CAN"]
[Date "2014.07.18"]
[Round "7"]
[White "Zhou, Aiden"]
[Black "Issani, Nameer"]
[Result "0-1"]
[WhiteElo "1485"]
[BlackElo "1919"]
[PlyCount "112"]
[EventDate "2014.07.15"]
[EventType "swiss"]
[EventRounds "7"]
[EventCountry "CAN"]

1. d4 Nf6 2. Bg5 e6 3. e4 h6 4. Bxf6 Qxf6 5. Nf3 d5 6. Nbd2 g6 7. Bd3 Bg7 8.
O-O O-O 9. c3 Nd7 10. e5 Qe7 11. Rc1 c5 12. Qe2 b6 13. a3 Bb7 14. Rfe1 Rac8 15.
b4 Rc7 16. Bb1 Rfc8 17. Nb3 Bc6 18. b5 Bb7 19. a4 Ra8 20. dxc5 Nxc5 21. Nxc5
Rxc5 22. c4 Rac8 23. Bd3 dxc4 24. Rxc4 Rxc4 25. Bxc4 Bxf3 26. gxf3 Qg5+ 27. Kh1
Qf4 28. Qe4 Rxc4 29. Qxf4 Rxf4 30. Re4 Rxf3 31. Kg2 Rf5 32. f4 g5 33. fxg5
Rxg5+ 34. Kh3 Rxe5 35. Rf4 Rh5+ 36. Kg2 Be5 37. Rg4+ Rg5 38. h3 f5 39. Rxg5+
hxg5 40. Kf3 Kf7 41. Ke3 Kf6 42. Kf3 Bc3 43. a5 bxa5 44. h4 g4+ 45. Kg2 f4 46.
h5 e5 47. h6 Kg6 48. h7 Kxh7 49. Kf2 e4 50. b6 axb6 51. Kg2 f3+ 52. Kf2 Bd4+
53. Kf1 g3 54. Ke1 e3 55. Kf1 e2+ 56. Ke1 Bc3# 0-1

[Event "CYCC U08 w"]
[Site "Montreal CAN"]
[Date "2014.07.17"]
[Round "6"]
[White "Xu, Yihan"]
[Black "Kaleshova, Julia"]
[Result "0-1"]
[WhiteElo "1012"]
[BlackElo "863"]
[PlyCount "102"]
[EventDate "2014.07.15"]
[EventType "swiss"]
[EventRounds "7"]
[EventCountry "CAN"]

1. e4 c5 2. Nf3 d6 3. d4 cxd4 4. Nxd4 Nf6 5. Nc3 g6 6. g3 Bg7 7. Bg2 O-O 8. O-O
Nc6 9. Nf3 Ng4 10. h3 Nge5 11. Nxe5 Nxe5 12. Bf4 Be6 13. Bxe5 Bxe5 14. f4 Bg7
15. Re1 Qb6+ 16. Kh1 Qxb2 17. Nd5 Bxd5 18. exd5 Qxa1 19. Qxa1 Bxa1 20. Rxa1
Rac8 21. Be4 f5 22. Bd3 Rc5 23. c4 Re8 24. Rb1 b6 25. g4 fxg4 26. hxg4 e6 27.
dxe6 Rxe6 28. f5 gxf5 29. gxf5 Re3 30. Rg1+ Kf7 31. Rd1 Rce5 32. Kh2 h5 33. Bb1
Ke7 34. a4 Ra5 35. Bc2 Re2+ 36. Kh1 Rxc2 37. Re1+ Kf6 38. Re6+ Kxf5 39. Rxd6
Rxa4 40. Rd5+ Ke4 41. Rd1 Raxc4 42. Rg1 Rc1 43. Rxc1 Rxc1+ 44. Kg2 Rc3 45. Kf2
Re3 46. Kf1 Kf3 47. Kg1 Re2 48. Kf1 a5 49. Kg1 a4 50. Kh1 Kg3 51. Kg1 Re1# 0-1

[Event "CYCC U10"]
[Site "Montreal CAN"]
[Date "2014.07.15"]
[Round "1"]
[White "Sun, Jingkun"]
[Black "England, Max"]
[Result "0-1"]
[WhiteElo "865"]
[BlackElo "1428"]
[PlyCount "84"]
[EventDate "2014.07.15"]
[EventType "swiss"]
[EventRounds "7"]
[EventCountry "CAN"]

1. d4 Nf6 2. c4 e6 3. Nc3 d5 4. Nf3 Bb4 5. e3 Nbd7 6. Be2 b6 7. O-O Bb7 8. Qc2
Rc8 9. Bd2 O-O 10. a3 Bd6 11. Rfe1 c5 12. Rac1 dxc4 13. dxc5 Rxc5 14. Nd4 Qc7
15. Nf3 Bxf3 16. Bxf3 Bxh2+ 17. Kf1 Ne5 18. Be4 Nxe4 19. Nxe4 Rc6 20. Ng5 g6
21. e4 Nd3 22. Qc3 Be5 23. Qc2 Bf4 24. Rcd1 Nxe1 25. Rxe1 Bxd2 26. Qxd2 f6 27.
Nf3 Rd6 28. Qh6 Qg7 29. Qh3 Rfd8 30. Kg1 Qf7 31. e5 Rd1 32. exf6 Rxe1+ 33. Nxe1
Qxf6 34. Nf3 Rd1+ 35. Kh2 Qf4+ 36. Qg3 Qxg3+ 37. Kxg3 Rc1 38. Ne5 c3 39. bxc3
Rxc3+ 40. Kh4 Rxa3 41. Kg5 Ra4 42. Nd7 Kg7 0-1

[Event "CYCC U10"]
[Site "Montreal CAN"]
[Date "2014.07.17"]
[Round "6"]
[White "Huang, Qiuyu"]
[Black "Zhong, Wenxuan"]
[Result "0-1"]
[WhiteElo "1664"]
[BlackElo "1495"]
[PlyCount "77"]
[EventDate "2014.07.15"]
[EventType "swiss"]
[EventRounds "7"]
[EventCountry "CAN"]

1. e4 e5 2. Nf3 Nc6 3. Bc4 Nf6 4. d3 Be7 5. c3 d6 6. O-O O-O 7. Re1 Be6 8. Bb3
Bxb3 9. Qxb3 Rb8 10. Nbd2 b5 11. Nf1 b4 12. Qc2 a5 13. d4 bxc3 14. bxc3 exd4
15. cxd4 Nb4 16. Qd2 d5 17. Ng3 dxe4 18. Nxe4 Re8 19. a3 Nc6 20. Bb2 Qd5 21.
Nxf6+ Bxf6 22. Rxe8+ Rxe8 23. Re1 Rd8 24. Qf4 Qd7 25. Rd1 h6 26. Rd2 Re8 27. h3
Ne7 28. Rc2 Nd5 29. Qd2 a4 30. Ne5 Bxe5 31. dxe5 Qb5 32. Qd4 c6 33. Rc5 Qb7 34.
Rc2 Qb5 35. Rc5 Qb7 36. g4 Re6 37. f4 Qb3 38. Kh2 Nxf4 39. Qc3 0-1

[Event "CYCC U10 w"]
[Site "Montreal CAN"]
[Date "2014.07.18"]
[Round "7"]
[White "Radin, Paige"]
[Black "Tan, Kylie"]
[Result "0-1"]
[WhiteElo "719"]
[BlackElo "1424"]
[PlyCount "92"]
[EventDate "2014.07.15"]
[EventType "swiss"]
[EventRounds "7"]
[EventCountry "CAN"]

1. e4 e5 2. Nf3 Nc6 3. Nc3 Nf6 4. Bb5 d6 5. d3 a6 6. Bxc6+ bxc6 7. Bg5 h6 8.
Bh4 Be7 9. Qd2 c5 10. O-O-O Rb8 11. g3 Bg4 12. Qe3 g5 13. h3 Bxf3 14. Qxf3 gxh4
15. gxh4 Nd7 16. h5 Bg5+ 17. Kb1 Qf6 18. Qxf6 Nxf6 19. h4 Bf4 20. Rhg1 c6 21.
Ne2 Nxh5 22. Nxf4 Nxf4 23. c3 Ke7 24. d4 cxd4 25. cxd4 exd4 26. Rxd4 Ne2 27.
Rc4 Nxg1 28. Rxc6 Ra8 29. Rc7+ Ke6 30. f4 Rhc8 31. Rxc8 Rxc8 32. b4 Ne2 33. f5+
Ke5 34. a4 Nc3+ 35. Kc2 Nxa4+ 36. Kb3 Nb6 37. h5 Kxe4 38. f6 d5 39. b5 axb5 40.
Kb4 d4 41. Kxb5 d3 42. Kxb6 d2 43. Kb7 Rc2 44. Kb6 d1=Q 45. Kb5 Qb1+ 46. Ka5
Ra2# 0-1

[Event "CYCC U12"]
[Site "Montreal CAN"]
[Date "2014.07.17"]
[Round "6"]
[White "Liang, Hairan"]
[Black "Ming, Wenyang"]
[Result "1-0"]
[WhiteElo "2004"]
[BlackElo "1929"]
[PlyCount "91"]
[EventDate "2014.07.15"]
[EventType "swiss"]
[EventRounds "7"]
[EventCountry "CAN"]

1. e4 c5 2. Nf3 d6 3. Bb5+ Bd7 4. Bxd7+ Qxd7 5. O-O Nf6 6. Re1 Nc6 7. c3 e6 8.
d4 cxd4 9. cxd4 d5 10. e5 Ne4 11. Nc3 Nxc3 12. bxc3 Be7 13. Qd3 Rc8 14. Bg5
Bxg5 15. Nxg5 Qe7 16. f4 a6 17. a4 Na5 18. h4 h6 19. Nf3 Qc7 20. Re3 Qc4 21.
Qb1 Rc7 22. f5 Qc6 23. Nd2 Nc4 24. Nxc4 dxc4 25. fxe6 Qxe6 26. Qe4 O-O 27. Ree1
Rd8 28. Rab1 Qd5 29. Qxd5 Rxd5 30. Rb4 b5 31. axb5 axb5 32. Reb1 Ra7 33. Rxb5
Rxb5 34. Rxb5 Ra3 35. d5 Rxc3 36. d6 Rd3 37. Rc5 c3 38. Kf2 f6 39. e6 Rd2+ 40.
Kg3 Rxd6 41. Rc8+ Kh7 42. e7 c2 43. e8=Q Rd1 44. Qe4+ f5 45. Qxf5+ g6 46. Qf7#
1-0

[Event "CYCC U12"]
[Site "Montreal CAN"]
[Date "2014.07.17"]
[Round "6"]
[White "Noritsyn, Sergey"]
[Black "Docheshmeh, Amir Mohammad"]
[Result "1-0"]
[WhiteElo "2079"]
[BlackElo "1813"]
[PlyCount "165"]
[EventDate "2014.07.15"]
[EventType "swiss"]
[EventRounds "7"]
[EventCountry "CAN"]

1. e4 e5 2. Nf3 Nc6 3. d4 exd4 4. Nxd4 Bc5 5. Nb3 Bb6 6. Nc3 d6 7. Bf4 Nge7 8.
Qd2 Be6 9. Nd5 Bxd5 10. exd5 Ne5 11. Bxe5 dxe5 12. c4 a6 13. Bd3 O-O 14. O-O
Ba7 15. Qb4 Rb8 16. Qc3 f6 17. Rad1 Qd7 18. Bc2 b5 19. c5 g6 20. d6 cxd6 21.
Rxd6 Qb7 22. Rfd1 Rbd8 23. Qd2 Rde8 24. Rd7 Qb8 25. c6 Bb6 26. Rb7 Qd8 27. Qe2
Bd4 28. Nxd4 exd4 29. Qe6+ Kh8 30. Qg4 Qd6 31. Qh4 Rg8 32. Re1 Rg7 33. Qe4 Qc5
34. Rd7 f5 35. Qxd4 Qxd4 36. Rxd4 Rc8 37. Bb3 h5 38. h4 Nxc6 39. Rd6 Na5 40.
Rxa6 Nxb3 41. axb3 Rc5 42. Rb6 Kh7 43. b4 Rd5 44. Re8 Rd1+ 45. Kh2 Rd2 46. Rxb5
Rxf2 47. Rbb8 Kh6 48. b5 Rxb2 49. b6 Rh7 50. Re6 Rd7 51. Rg8 Rg7 52. Rh8+ Rh7
53. Rf8 Rb5 54. Rff6 Rg7 55. Kg3 Kh7 56. Rc6 Rb4 57. Rc7 Kh6 58. Rf8 Rh7 59.
Rc6 Rg7 60. Rxf5 Rb3+ 61. Rf3 Rb4 62. Rf8 Rh7 63. Rg8 Rg7 64. Rh8+ Rh7 65.
Rxh7+ Kxh7 66. Rc7+ Kh6 67. b7 g5 68. Rc6+ Kg7 69. hxg5 Rxb7 70. Kh4 Rb2 71.
Kxh5 Rxg2 72. Rc7+ Kg8 73. Kg6 Kf8 74. Rc5 Rd2 75. Rc8+ Ke7 76. Kg7 Rd7 77. g6
Ke6+ 78. Kh8 Rd1 79. g7 Rh1+ 80. Kg8 Rg1 81. Rc7 Kf6 82. Kf8 Rd1 83. Rc6+ 1-0

[Event "CYCC U12"]
[Site "Montreal CAN"]
[Date "2014.07.18"]
[Round "7"]
[White "Doknjas, Joshua"]
[Black "Zhang, Henry"]
[Result "1-0"]
[WhiteElo "2024"]
[BlackElo "1518"]
[PlyCount "79"]
[EventDate "2014.07.15"]
[EventType "swiss"]
[EventRounds "7"]
[EventCountry "CAN"]

1. e4 c5 2. Nf3 d6 3. Bb5+ Bd7 4. Bxd7+ Qxd7 5. O-O g6 6. Qe2 Bg7 7. c3 Nc6 8.
Rd1 Nf6 9. d4 cxd4 10. cxd4 d5 11. e5 Ng4 12. h3 Nh6 13. Bf4 e6 14. Nc3 a6 15.
Rac1 b5 16. Qd2 Nf5 17. g4 Nfe7 18. Bh6 Bxh6 19. Qxh6 O-O-O 20. a4 b4 21. Ne2
Kb7 22. Nd2 Na5 23. b3 Rc8 24. Rxc8 Qxc8 25. Rc1 Qf8 26. Qe3 h5 27. g5 Nf5 28.
Qd3 Qe7 29. Nf3 Kb6 30. Qd1 Rd8 31. Nf4 Rd7 32. Nd3 Rc7 33. Nc5 Ra7 34. Qd2 Nc6
35. a5+ Kxa5 36. Na4 Ncxd4 37. Nxd4 Nxd4 38. Qxd4 Qxg5+ 39. Kh2 Qxc1 40. Qb6#
1-0

[Event "CYCC U12"]
[Site "Montreal CAN"]
[Date "2014.07.18"]
[Round "7"]
[White "Liang, Hairan"]
[Black "Noritsyn, Sergey"]
[Result "0-1"]
[WhiteElo "1848"]
[BlackElo "2087"]
[PlyCount "80"]
[EventDate "2014.07.15"]
[EventType "swiss"]
[EventRounds "7"]
[EventCountry "CAN"]

1. e4 d5 2. exd5 Nf6 3. d4 Nxd5 4. c4 Nb6 5. Nf3 g6 6. Be3 Bg7 7. Nbd2 O-O 8.
Nb3 Nc6 9. Qd2 a5 10. Bh6 Bg4 11. h4 Bxh6 12. Qxh6 Bxf3 13. gxf3 Nxd4 14. O-O-O
e5 15. Nxd4 exd4 16. h5 Qe7 17. Bd3 Nd7 18. hxg6 fxg6 19. Bxg6 Nf6 20. Rdg1 Kh8
21. Bd3 a4 22. a3 c5 23. Rh4 b5 24. Qg5 Rf7 25. Rgh1 Rg7 26. Qh6 bxc4 27. Bxc4
Rb8 28. Kc2 d3+ 29. Bxd3 Qe5 30. Rb1 Rgb7 31. Qc1 Nd5 32. Re4 Qf6 33. Rc4 Qxf3
34. Qe1 Qf6 35. Rxc5 Rxb2+ 36. Rxb2 Qxb2+ 37. Kd1 Qd4 38. Qe4 Rb1+ 39. Ke2 Rb2+
40. Kf3 Qxf2+ 0-1

[Event "CYCC U12 w"]
[Site "Montreal CAN"]
[Date "2014.07.17"]
[Round "6"]
[White "Nguyen, An"]
[Black "Ouellet, Maili-Jade"]
[Result "0-1"]
[WhiteElo "1448"]
[BlackElo "1813"]
[PlyCount "170"]
[EventDate "2014.07.15"]
[EventType "swiss"]
[EventRounds "7"]
[EventCountry "CAN"]

1. e4 c5 2. Nf3 e6 3. d4 cxd4 4. Nxd4 a6 5. Bd3 Nf6 6. O-O Be7 7. Nc3 d6 8. Be3
O-O 9. h3 Nbd7 10. Qe2 b5 11. a3 Bb7 12. Nb3 d5 13. exd5 Nxd5 14. Nxd5 Bxd5 15.
c4 bxc4 16. Bxc4 Nf6 17. Nd4 a5 18. Rac1 Bxc4 19. Rxc4 Nd5 20. Nc6 Qd7 21.
Nxe7+ Nxe7 22. Bc5 Rfb8 23. Rd1 Nd5 24. Be3 Qb7 25. Bd4 Re8 26. Bc3 h6 27. Qf3
Qb3 28. Qd3 Red8 29. Rd4 Rdc8 30. Rxd5 Qxd5 31. Qxd5 exd5 32. Rxd5 a4 33. Kf1
Re8 34. Rd4 g6 35. f3 Re6 36. Kf2 Kf8 37. Bb4+ Ke8 38. Bc3 f5 39. Kf1 Raa6 40.
Kf2 Red6 41. Rb4 Kf7 42. Rb7+ Ke6 43. Ke2 Kd5 44. Rb5+ Kc6 45. Re5 Rd5 46. Re6+
Rd6 47. Re7 Kb5 48. Re8 Kc4 49. Rc8+ Kb3 50. Rb8+ Ka2 51. Rb4 Rdb6 52. Rc4 Rc6
53. Rb4 Rcb6 54. Rd4 Rxb2+ 55. Bxb2 Kxb2 56. Rb4+ Kxa3 57. Rb7 Rc6 58. Kd3 Rc1
59. Ke3 Rc3+ 60. Kf4 Rb3 61. Rd7 Rb4+ 62. Ke5 Kb2 63. Kf6 Rb6+ 64. Kg7 a3 65.
Kxh6 a2 66. Rd2+ Ka3 67. Rd3+ Rb3 68. Rd1 Rb1 69. Rd3+ Ka4 70. Rd4+ Ka5 71.
Rd5+ Ka6 72. Rd6+ Kb7 73. Rd7+ Kc8 74. Ra7 a1=Q 75. Rxa1 Rxa1 76. Kxg6 Kd8 77.
Kxf5 Ke8 78. h4 Kf7 79. Kg5 Rf1 80. h5 Kg7 81. f4 Rf2 82. g3 Rf1 83. g4 Rc1 84.
f5 Rg1 85. h6+ Kh7 0-1

[Event "CYCC U14"]
[Site "Montreal CAN"]
[Date "2014.07.15"]
[Round "2"]
[White "Huang, Patrick"]
[Black "Kong, Aaron"]
[Result "1/2-1/2"]
[WhiteElo "2032"]
[BlackElo "1606"]
[PlyCount "60"]
[EventDate "2014.07.15"]
[EventType "swiss"]
[EventRounds "7"]
[EventCountry "CAN"]

1. c4 c5 2. Nc3 Nc6 3. g3 e6 4. Bg2 Nf6 5. e4 d6 6. Nge2 Be7 7. O-O O-O 8. f4
a6 9. d4 e5 10. fxe5 dxe5 11. d5 Nd4 12. Nxd4 cxd4 13. Ne2 Qc7 14. Qd3 Bd7 15.
Bd2 b5 16. b3 bxc4 17. bxc4 Rfc8 18. Rfc1 Rab8 19. a4 Bc5 20. h3 Rb2 21. Kh1
Rcb8 22. Rcb1 Qb7 23. Rxb2 Qxb2 24. Re1 Rb3 25. Bc1 Rxd3 26. Bxb2 Rb3 27. Ba1
Bxa4 28. Nc1 Rb1 29. Nd3 Rxe1+ 30. Nxe1 Nd7 1/2-1/2

[Event "CYCC U14"]
[Site "Montreal CAN"]
[Date "2014.07.15"]
[Round "2"]
[White "Ju, Terry"]
[Black "Song, Sam"]
[Result "0-1"]
[WhiteElo "1716"]
[BlackElo "2198"]
[PlyCount "74"]
[EventDate "2014.07.15"]
[EventType "swiss"]
[EventRounds "7"]
[EventCountry "CAN"]

1. d4 Nf6 2. Nf3 e6 3. c4 Bb4+ 4. Bd2 c5 5. Bxb4 cxb4 6. Nbd2 O-O 7. e3 d6 8.
Bd3 Re8 9. O-O a5 10. a3 Na6 11. Qc2 b6 12. Ne4 h6 13. Rfd1 Bb7 14. Nxf6+ Qxf6
15. Be2 Rac8 16. axb4 Nxb4 17. Qb3 Qg6 18. Rac1 Be4 19. Rd2 Rc7 20. Nh4 Qf6 21.
Nf3 Rec8 22. Qa3 Bxf3 23. Bxf3 Rxc4 24. Rxc4 Rxc4 25. h3 d5 26. Be2 Rc1+ 27.
Rd1 Rc2 28. Re1 Qd8 29. Bb5 Qc7 30. Qa1 Qd8 31. Rf1 Rc8 32. Rc1 Rc7 33. Rc3 Qc8
34. Qc1 Rxc3 35. Qxc3 Qxc3 36. bxc3 Na2 37. c4 Nc3 0-1

[Event "CYCC U14"]
[Site "Montreal CAN"]
[Date "2014.07.17"]
[Round "6"]
[White "Lei, Sean"]
[Black "Johnson-Constantin, Matthieu"]
[Result "1-0"]
[WhiteElo "2036"]
[BlackElo "1648"]
[PlyCount "77"]
[EventDate "2014.07.15"]
[EventType "swiss"]
[EventRounds "7"]
[EventCountry "CAN"]

1. d4 Nf6 2. Nf3 g6 3. c4 Bg7 4. Nc3 O-O 5. Bf4 d6 6. h3 a5 7. e3 Nbd7 8. Be2
Re8 9. Bh2 e5 10. dxe5 dxe5 11. Nxe5 Ne4 12. Nxe4 Nxe5 13. Qxd8 Rxd8 14. Nd2 c6
15. O-O-O Be6 16. Bxe5 Bxe5 17. Nf3 Bf6 18. Nd4 Re8 19. Rd2 Rad8 20. Rhd1 Rd6
21. Nb3 Rxd2 22. Nxd2 Bh4 23. g3 Be7 24. Bf1 Rc8 25. f4 Bc5 26. Re1 b5 27. g4
a4 28. Ne4 Bb4 29. Rd1 a3 30. b3 f5 31. Ng5 Re8 32. cxb5 cxb5 33. Bxb5 Rc8+ 34.
Kb1 Bf7 35. Nxf7 Kxf7 36. Bc4+ Ke7 37. Rd5 fxg4 38. hxg4 Bd6 39. Kc2 1-0

[Event "CYCC U14"]
[Site "Montreal CAN"]
[Date "2014.07.17"]
[Round "6"]
[White "Wan, Kevin"]
[Black "Song, Sam"]
[Result "1-0"]
[WhiteElo "2195"]
[BlackElo "2198"]
[PlyCount "57"]
[EventDate "2014.07.15"]
[EventType "swiss"]
[EventRounds "7"]
[EventCountry "CAN"]

1. d4 Nf6 2. Nf3 e6 3. c4 Bb4+ 4. Bd2 c5 5. Bxb4 cxb4 6. e3 O-O 7. Nbd2 d6 8.
Bd3 Re8 9. Qc2 a5 10. O-O Na6 11. Ne4 h6 12. Nxf6+ Qxf6 13. c5 dxc5 14. Bxa6
Rxa6 15. Qxc5 Qd8 16. Rac1 Ra8 17. Qc7 Qd5 18. Ne5 Rf8 19. Nc4 b5 20. Nb6 Qe4
21. d5 Ra6 22. Nxc8 exd5 23. Rfd1 Re6 24. Rd4 Qh7 25. Ne7+ Rxe7 26. Qxe7 Qf5
27. Qc7 a4 28. h3 a3 29. b3 1-0

[Event "CYCC U14"]
[Site "Montreal CAN"]
[Date "2014.07.18"]
[Round "7"]
[White "Chen, Richard"]
[Black "Wan, Kevin"]
[Result "1-0"]
[WhiteElo "2098"]
[BlackElo "2195"]
[PlyCount "111"]
[EventDate "2014.07.15"]
[EventType "swiss"]
[EventRounds "7"]
[EventCountry "CAN"]

1. e4 e6 2. d4 d5 3. Nd2 Nf6 4. e5 Nfd7 5. f4 c5 6. c3 Nc6 7. Ndf3 Qb6 8. g3
cxd4 9. cxd4 Bb4+ 10. Kf2 f6 11. Kg2 O-O 12. Bd3 Be7 13. h4 f5 14. Be2 h6 15.
Nh3 Ndb8 16. Rg1 Bd7 17. Kh1 Be8 18. Nf2 Bh5 19. g4 fxg4 20. Nxg4 Kh8 21. b3
Nd7 22. Be3 Ba3 23. Qf1 Bxg4 24. Rxg4 Ne7 25. Bd3 Nf5 26. Bxf5 Rxf5 27. Qg2 Rf7
28. Rg1 Rg8 29. Rg6 Qd8 30. Rxe6 Be7 31. Qg6 Qf8 32. Ng5 Bxg5 33. hxg5 Rxf4 34.
Bxf4 Qxf4 35. Qh5 Rf8 36. Qg4 hxg5 37. Qxf4 Rxf4 38. Rxg5 Rxd4 39. Re7 Nf8 40.
Rf5 Rh4+ 41. Kg2 Ng6 42. Rxb7 a5 43. e6 Kh7 44. Rff7 Re4 45. e7 d4 46. Rxg7+
Kh6 47. Rg8 Rg4+ 48. Kf2 Rf4+ 49. Kg3 Nxe7 50. Kxf4 Nxg8 51. Ke4 Kg6 52. Kxd4
Kf6 53. Ra7 Ke6 54. Rxa5 Kd7 55. Ra7+ Kc6 56. Rg7 1-0

[Event "CYCC U14"]
[Site "Montreal CAN"]
[Date "2014.07.18"]
[Round "7"]
[White "Song, Sam"]
[Black "Lei, Sean"]
[Result "1/2-1/2"]
[WhiteElo "2030"]
[BlackElo "2008"]
[PlyCount "58"]
[EventDate "2014.07.15"]
[EventType "swiss"]
[EventRounds "7"]
[EventCountry "CAN"]

1. e4 c5 2. Nf3 d6 3. d4 cxd4 4. Nxd4 Nf6 5. Nc3 a6 6. f3 e5 7. Nb3 Be6 8. Be3
Nbd7 9. Qd2 Be7 10. O-O-O O-O 11. g4 b5 12. g5 b4 13. Nd5 Nxd5 14. exd5 Bf5 15.
h4 a5 16. Bd3 Bxd3 17. Qxd3 Rc8 18. Rdg1 a4 19. Nd2 Nc5 20. Bxc5 Rxc5 21. Ne4
Ra5 22. h5 Kh8 23. g6 f5 24. h6 fxe4 25. hxg7+ Kxg7 26. Rxh7+ Kg8 27. Qxe4 Bg5+
28. Kb1 Rf4 29. Qd3 e4 1/2-1/2

[Event "CYCC U14 w"]
[Site "Montreal CAN"]
[Date "2014.07.17"]
[Round "6"]
[White "Li, Yi Lin"]
[Black "Wang, Constance"]
[Result "1-0"]
[WhiteElo "1640"]
[BlackElo "1759"]
[PlyCount "69"]
[EventDate "2014.07.15"]
[EventType "swiss"]
[EventRounds "7"]
[EventCountry "CAN"]

1. e4 c5 2. Nc3 d6 3. g3 g6 4. Bg2 Bg7 5. d3 e6 6. Nge2 Ne7 7. O-O O-O 8. Be3
Nbc6 9. f4 b6 10. h3 Bb7 11. g4 d5 12. Bc1 dxe4 13. dxe4 Nd4 14. Ng3 Qc7 15.
Rf2 Ba6 16. e5 Rad8 17. Qe1 Nd5 18. Be3 Nxc3 19. Qxc3 Rd7 20. Qe1 Rfd8 21. c3
Nc6 22. Ne4 Na5 23. b3 Bb7 24. Nf6+ Bxf6 25. exf6 Bxg2 26. Rxg2 Rd3 27. Re2
R8d7 28. Rc1 Qd8 29. Qh4 Nb7 30. f5 exf5 31. Bf4 Rd1+ 32. Rxd1 Rxd1+ 33. Kf2
fxg4 34. Qh6 Qf8 35. Re8 1-0

[Event "CYCC U14 w"]
[Site "Montreal CAN"]
[Date "2014.07.18"]
[Round "7"]
[White "Wang, Sophie"]
[Black "Li, Yi Lin"]
[Result "0-1"]
[WhiteElo "1421"]
[BlackElo "1626"]
[PlyCount "152"]
[EventDate "2014.07.15"]
[EventType "swiss"]
[EventRounds "7"]
[EventCountry "CAN"]

1. e4 c5 2. Nf3 d6 3. d4 cxd4 4. Nxd4 Nf6 5. Nc3 a6 6. Bg5 e6 7. Be2 Be7 8. Qd2
O-O 9. O-O Qc7 10. Rfd1 Rd8 11. Qe3 b5 12. a3 Bb7 13. Bf3 Nbd7 14. Be2 Nc5 15.
Bd3 Rac8 16. Nf3 Ncd7 17. Re1 Ng4 18. Qe2 Nde5 19. Nxe5 Nxe5 20. Bxe7 Qxe7 21.
f4 Nc4 22. Rab1 Nxa3 23. bxa3 Rxc3 24. Ra1 Qc7 25. Rac1 Rxa3 26. Rb1 Rc3 27.
Kf1 Qc5 28. Rb2 g6 29. Reb1 Bc6 30. Ra1 Ra3 31. Rab1 Be8 32. Qd2 Qc3 33. Qxc3
Rxc3 34. Ra1 Ra8 35. Bxb5 Bxb5+ 36. Rxb5 Rxc2 37. Rb6 a5 38. Rxd6 Rc4 39. Re1
a4 40. Rd2 a3 41. Ra2 Kf8 42. Re3 Rca4 43. Rd3 Ke7 44. g3 e5 45. fxe5 Ke6 46.
Kf2 Kxe5 47. Kf3 R8a5 48. Rd7 Ke6 49. Rd3 h6 50. h4 h5 51. Ke3 Ke5 52. Kf3 Ke6
53. Ke3 Ra7 54. Rd4 Rxd4 55. Kxd4 Ra4+ 56. Kd3 Ke5 57. Kc3 Kxe4 58. Rf2 Ra7 59.
Rf4+ Ke3 60. Rf1 a2 61. Kb2 a1=Q+ 62. Rxa1 Rxa1 63. Kxa1 Kf3 64. Kb2 Kxg3 65.
Kc2 f5 66. Kd2 f4 67. Ke1 Kxh4 68. Kf2 Kg4 69. Kf1 Kg3 70. Kg1 f3 71. Kh1 Kf2
72. Kh2 Ke2 73. Kg3 f2 74. Kh3 f1=Q+ 75. Kh2 Qf3 76. Kg1 Qg4+ 0-1

[Event "CYCC U16"]
[Site "Montreal CAN"]
[Date "2014.07.15"]
[Round "1"]
[White "Hunter, Harold"]
[Black "Zhu, Hong Rui"]
[Result "0-1"]
[WhiteElo "1493"]
[BlackElo "2145"]
[PlyCount "94"]
[EventDate "2014.07.15"]
[EventType "swiss"]
[EventRounds "7"]
[EventCountry "CAN"]

1. e4 c5 2. Nf3 d6 3. d4 cxd4 4. Nxd4 Nf6 5. Nc3 g6 6. Be3 Bg7 7. f3 Nc6 8. Qd2
O-O 9. O-O-O d5 10. h4 dxe4 11. Nxc6 Qxd2+ 12. Rxd2 bxc6 13. Nxe4 Nd5 14. Rxd5
cxd5 15. Nc5 h5 16. Be2 f5 17. Rd1 Rd8 18. Bc4 e6 19. Bg5 Rd6 20. Bb3 Kf7 21.
Bf4 Rb6 22. Nd3 Bf6 23. Ne5+ Kg7 24. g4 hxg4 25. fxg4 fxg4 26. Nxg4 Rb4 27. Rf1
Ba6 28. Bh6+ Kh7 29. Rxf6 Rxg4 30. Bg5 Re4 31. Bxd5 Re1+ 32. Kd2 Re2+ 33. Kd1
Rd8 34. Rf7+ Kg8 35. Bxd8 Kxf7 36. Bb3 Re4 37. c3 Bc4 38. Bxc4 Rxc4 39. Kd2 Rg4
40. a3 e5 41. Bg5 Ke6 42. Ke3 Kd5 43. Kd3 Rg2 44. b3 Rg3+ 45. Kd2 Ke4 46. Be7
Rg2+ 47. Kc1 Kd3 0-1

[Event "CYCC U16"]
[Site "Montreal CAN"]
[Date "2014.07.15"]
[Round "1"]
[White "Li, Robert"]
[Black "Dorrance, Adam"]
[Result "1/2-1/2"]
[WhiteElo "1764"]
[BlackElo "2234"]
[PlyCount "41"]
[EventDate "2014.07.15"]
[EventType "swiss"]
[EventRounds "7"]
[EventCountry "CAN"]

1. e4 c6 2. d4 d5 3. Nc3 dxe4 4. Nxe4 Nf6 5. Nxf6+ gxf6 6. Nf3 Bg4 7. Be2 Qc7
8. c4 e6 9. Qa4 Nd7 10. Be3 Qb6 11. O-O-O O-O-O 12. c5 Qc7 13. Qxa7 Bxf3 14.
gxf3 f5 15. Rd3 Qb8 16. Qa4 e5 17. Rb3 exd4 18. Rxb7 Qxb7 19. Ba6 Nxc5 20.
Qxc6+ Kb8 21. Bxb7 1/2-1/2

[Event "CYCC U16"]
[Site "Montreal CAN"]
[Date "2014.07.15"]
[Round "1"]
[White "Mathews, Jeremy"]
[Black "Doknjas, John"]
[Result "0-1"]
[WhiteElo "1546"]
[BlackElo "2209"]
[PlyCount "90"]
[EventDate "2014.07.15"]
[EventType "swiss"]
[EventRounds "7"]
[EventCountry "CAN"]

1. e4 c5 2. Nf3 d6 3. Bb5+ Nc6 4. O-O Bd7 5. c3 a6 6. Ba4 c4 7. d4 cxd3 8. Qxd3
g6 9. Re1 Bg7 10. Bc2 Nf6 11. a4 Qc7 12. Na3 Rc8 13. h3 O-O 14. Bf4 e5 15. Bg5
Be6 16. Bxf6 Bxf6 17. Nc4 Nb4 18. cxb4 Qxc4 19. Qxc4 Rxc4 20. Bb3 Rxb4 21. Bxe6
fxe6 22. Rad1 Be7 23. Rc1 Rxb2 24. Rc7 Re8 25. Rec1 Kf8 26. R1c3 Rd8 27. Ng5
Bxg5 28. Rf3+ Kg8 29. Rff7 Bh6 30. Rxh7 Bf8 31. Rhf7 Re8 32. Rf6 Re7 33. Rc8
Rf7 34. Rxg6+ Kh7 35. Rg4 Rb4 36. Rh4+ Kg8 37. Rh6 Rxa4 38. Rg6+ Kh7 39. Rg4 d5
40. Rh4+ Kg7 41. Rc3 Kf6 42. Rf3+ Ke7 43. Rb3 b5 44. Rc3 Kd7 45. f3 d4 0-1

[Event "CYCC U16"]
[Site "Montreal CAN"]
[Date "2014.07.15"]
[Round "1"]
[White "Nasir, Zehn"]
[Black "Harris, Gabriel"]
[Result "1-0"]
[WhiteElo "2105"]
[BlackElo "1325"]
[PlyCount "41"]
[EventDate "2014.07.15"]
[EventType "swiss"]
[EventRounds "7"]
[EventCountry "CAN"]

1. e4 c5 2. Nf3 d6 3. d4 cxd4 4. Nxd4 Nf6 5. Nc3 g6 6. Be3 Bg7 7. f3 Nc6 8. Qd2
O-O 9. O-O-O Bd7 10. h4 h5 11. Kb1 a6 12. Be2 Qc7 13. g4 hxg4 14. h5 gxh5 15.
Bh6 Nxd4 16. Bxg7 Kxg7 17. Qg5+ Kh7 18. Rxh5+ Nxh5 19. Qxh5+ Kg7 20. Qg5+ Kh7
21. Rh1# 1-0

[Event "CYCC U16"]
[Site "Montreal CAN"]
[Date "2014.07.15"]
[Round "1"]
[White "Shi, Diwen"]
[Black "Liu, Yu Qing"]
[Result "1-0"]
[WhiteElo "2228"]
[BlackElo "1674"]
[PlyCount "99"]
[EventDate "2014.07.15"]
[EventType "swiss"]
[EventRounds "7"]
[EventCountry "CAN"]

1. e4 c5 2. Nc3 a6 3. g3 d6 4. Bg2 Nf6 5. Nge2 g6 6. d3 Bg7 7. O-O O-O 8. a4
Nc6 9. Bg5 Rb8 10. Qc1 Re8 11. Bh6 Bh8 12. h3 Nd7 13. f4 Nd4 14. Nxd4 Bxd4+ 15.
Kh2 b5 16. axb5 axb5 17. f5 c4 18. fxg6 hxg6 19. Qf4 Nf6 20. Rab1 Be6 21. Ne2
Nh5 22. Qf3 Bg7 23. Bxg7 Kxg7 24. Nf4 Nxf4 25. gxf4 Rf8 26. f5 Bd7 27. Qg3 Qb6
28. Qg5 Qd8 29. Rf4 Rh8 30. Rbf1 e5 31. f6+ Kg8 32. Rh4 Rxh4 33. Qxh4 cxd3 34.
cxd3 Rc8 35. Rf2 b4 36. Bf3 Qf8 37. Bg4 Rc7 38. Rg2 b3 39. Bd1 Be6 40. Rg1 Rc1
41. Qg5 Rb1 42. Qd2 Kh7 43. Bg4 Rxg1 44. Kxg1 Bxg4 45. hxg4 Qh6 46. g5 Qh5 47.
Qh2 Kg8 48. Qxh5 gxh5 49. Kh2 Kh8 50. Kg3 1-0